[Event "Obert Figueres Miquel Mas 2010"]
[Site "Figueres ESP"]
[Date "2010.08.15"]
[Round "6.37"]
[White "Garcia Castany, Jose"]
[Black "Gallegos Saliner, Josep M"]
[Result "1-0"]
[WhiteElo "1477"]
[BlackElo "1560"]
[PlyCount "99"]
[EventDate "2011.08.11"]
[EventType "swiss"]
[EventRounds "9"]
[EventCountry "ESP"]
[Source "lmi"]
[SourceDate "2010.08.11"]

1. d4 Nf6 2. c4 g6 3. Nc3 Bg7 4. e4 d6 5. h3 O-O 6. Nf3 b6 7. Bd3 Nbd7 8. Bg5
h6 9. Be3 e5 10. d5 Nc5 11. Bc2 Nh5 12. Qd2 Kh7 13. g4 Nf4 14. Bxf4 exf4 15.
Qxf4 Kg8 16. Qd2 Re8 17. O-O-O Ba6 18. Bd3 Nxd3+ 19. Qxd3 Qf6 20. Nd4 Qe7 21.
Ndb5 Qd7 22. f4 Rec8 23. Nd4 Bb7 24. f5 c6 25. fxg6 fxg6 26. Rhe1 cxd5 27. exd5
Qf7 28. Rf1 Bf6 29. b3 Rf8 30. Kb1 Bc8 31. Ncb5 Rd8 32. Qf3 Kg7 33. h4 g5 34.
hxg5 hxg5 35. Nc7 Qg6+ 36. Nf5+ Bxf5+ 37. Qxf5 Rac8 38. Ne6+ Kf7 39. Nxd8+ Rxd8
40. Qxg6+ Kxg6 41. Rde1 Rd7 42. Re6 Rf7 43. Rxd6 Kg7 44. Re6 Rf8 45. d6 Kg6 46.
d7 Kg7 47. Rfxf6 Rd8 48. Rd6 Kg8 49. Rg6+ Kf7 50. Rxg5 1-0

[Event "Obert Figueres Miquel Mas 2010"]
[Site "Figueres ESP"]
[Date "2010.08.15"]
[Round "6.40"]
[White "Regincos Oliva, Laura"]
[Black "Cantenys Pages, Carles"]
[Result "1-0"]
[WhiteElo "1337"]
[BlackElo "1490"]
[PlyCount "41"]
[EventDate "2011.08.11"]
[EventType "swiss"]
[EventRounds "9"]
[EventCountry "ESP"]
[Source "lmi"]
[SourceDate "2010.08.11"]

1. Nf3 d6 2. d4 e6 3. c4 Be7 4. e3 Nf6 5. Be2 O-O 6. O-O h6 7. b3 b6 8. Bb2 Bb7
9. Nc3 Nbd7 10. Re1 c5 11. Bd3 cxd4 12. exd4 d5 13. Bc2 dxc4 14. bxc4 a6 15.
Qd3 Qc7 16. Ne5 Rac8 17. Nxd7 Qxd7 18. d5 g6 19. Rad1 Ng4 20. Qg3 Bc5 21. Ne4
1-0

[Event "Obert Figueres Miquel Mas 2010"]
[Site "Figueres ESP"]
[Date "2010.08.16"]
[Round "7.2"]
[White "Aroshidze, Levan"]
[Black "Campos Moreno, Javier B"]
[Result "1-0"]
[WhiteElo "2548"]
[BlackElo "2484"]
[PlyCount "68"]
[EventDate "2011.08.11"]
[EventType "swiss"]
[EventRounds "9"]
[EventCountry "ESP"]
[Source "lmi"]
[SourceDate "2010.08.11"]

1. e4 c5 2. Nf3 e6 3. d4 cxd4 4. Nxd4 a6 5. Bd3 Bc5 6. Nb3 Ba7 7. Qe2 Nc6 8. f4
d6 9. Be3 Nf6 10. Bxa7 Rxa7 11. N1d2 e5 12. f5 b5 13. g4 Qb6 14. g5 Nd7 15.
O-O-O Rb7 16. Nf1 a5 17. Ne3 a4 18. Nd5 Qa7 19. Nd2 Nd4 20. Qf1 a3 21. b3 O-O
22. c3 Nb6 23. Nf6+ Kh8 24. Qh3 gxf6 25. gxf6 Rg8 26. Rhg1 Rg6 27. Qh5 Nd7 28.
fxg6 fxg6 29. Rxg6 Nf8 30. Rg3 Qc5 31. Bc2 Be6 32. cxd4 Qxd4 33. Rdg1 Rc7 34.
Kd1 Qa1+ 1-0

[Event "Obert Figueres Miquel Mas 2010"]
[Site "Figueres ESP"]
[Date "2010.08.16"]
[Round "7.3"]
[White "Sabria Batlle, Pol"]
[Black "Corrales Jimenez, Fidel"]
[Result "0-1"]
[WhiteElo "2211"]
[BlackElo "2574"]
[PlyCount "112"]
[EventDate "2011.08.11"]
[EventType "swiss"]
[EventRounds "9"]
[EventCountry "ESP"]
[Source "lmi"]
[SourceDate "2010.08.11"]

1. e4 c5 2. Nf3 d6 3. d4 cxd4 4. Nxd4 Nf6 5. Nc3 g6 6. Be2 Bg7 7. O-O O-O 8.
Bg5 Nc6 9. Nb3 Be6 10. Kh1 h6 11. Bh4 Na5 12. f4 Nc4 13. f5 Nxb2 14. Qc1 Qc8
15. Qxb2 Nxe4 16. f6 Qxc3 17. Qxc3 Nxc3 18. fxg7 Rfe8 19. Bf3 Bd5 20. Na5 Rac8
21. Nxb7 g5 22. Bxd5 Nxd5 23. Bf2 Rxc2 24. Bxa7 Ra8 25. Bg1 Rb2 26. Rab1 Rxb1
27. Rxb1 Rxa2 28. Bd4 f6 29. g3 Rd2 30. Ba7 Kxg7 31. Nd8 h5 32. Rb8 Kg6 33. Ne6
Kf5 34. Nd4+ Kg4 35. Rb3 Ra2 36. Bb8 h4 37. gxh4 Kxh4 38. Nf5+ Kh5 39. h3 Kg6
40. Rd3 Kxf5 41. Rxd5+ Ke6 42. Rd1 Kd7 43. Rc1 Ra8 44. Rc7+ Kd8 45. Rb7 Kc8 46.
Rxe7 Rxb8 47. Rf7 Rb3 48. Kg2 Re3 49. Rxf6 Kc7 50. Rh6 Kc6 51. h4 gxh4 52. Rxh4
Kc5 53. Kf2 Re5 54. Rh1 d5 55. Rc1+ Kb4 56. Kf3 d4 0-1

[Event "Obert Figueres Miquel Mas 2010"]
[Site "Figueres ESP"]
[Date "2010.08.16"]
[Round "7.4"]
[White "Sorbe, Stephane"]
[Black "Alonso Rosell, Alvar"]
[Result "0-1"]
[WhiteElo "2358"]
[BlackElo "2521"]
[PlyCount "160"]
[EventDate "2011.08.11"]
[EventType "swiss"]
[EventRounds "9"]
[EventCountry "ESP"]
[Source "lmi"]
[SourceDate "2010.08.11"]

1. e4 c6 2. d4 d5 3. exd5 cxd5 4. Bd3 Nc6 5. c3 Nf6 6. Bf4 Bg4 7. Qb3 Qc8 8.
Nd2 e6 9. Ngf3 Be7 10. O-O Bh5 11. Rfe1 O-O 12. Ne5 Nxe5 13. Bxe5 Nd7 14. Bg3
a6 15. a4 Bg6 16. Bxg6 hxg6 17. a5 Qc6 18. Nf3 Rfc8 19. Ne5 Nxe5 20. Rxe5 Qb5
21. Qa2 Rc6 22. h4 Rac8 23. Re3 Bf6 24. Qa3 Re8 25. Rae1 Bd8 26. b4 Bf6 27. Qa2
Rec8 28. Qd2 Be7 29. Rf3 Rc4 30. Qf4 Qe8 31. Ree3 R8c6 32. Rd3 Bf6 33. Qd2 Qe7
34. Qe3 Bxh4 35. Bxh4 Qxh4 36. Qe5 Rc8 37. Rde3 Qg4 38. Qd6 R4c6 39. Qd7 R6c7
40. Qd6 g5 41. Qb6 Qh4 42. Rh3 Qf4 43. Rhf3 Qg4 44. b5 axb5 45. Qxb5 Qh5 46.
Qb1 Qh7 47. Qb2 Qg6 48. Re1 g4 49. Rfe3 Qg5 50. Ra1 g6 51. g3 e5 52. Kf1 Qh5
53. Rd1 e4 54. Ke2 Qf5 55. Rh1 Qe6 56. Qb4 Qa6+ 57. Kd2 Qf6 58. Ke2 Kg7 59. Kf1
Rc4 60. Qb3 Qc6 61. Kg1 Ra8 62. Qa3 Qc7 63. Rh4 Rxa5 64. Qb2 b5 65. Qd2 Ra1+
66. Kg2 Qe7 67. Re2 Qf6 68. Qh6+ Kg8 69. Re3 Ra2 70. Qh7+ Kf8 71. Qh8+ Ke7 72.
Qxf6+ Kxf6 73. Rh8 b4 74. cxb4 Rcc2 75. Rb8 Rxf2+ 76. Kg1 Rf3 77. Re1 Rxg3+ 78.
Kh1 Rb3 79. Rb5 g3 80. Rg1 Rh2# 0-1

[Event "Obert Figueres Miquel Mas 2010"]
[Site "Figueres ESP"]
[Date "2010.08.16"]
[Round "7.5"]
[White "Huerga Leache, Mikel"]
[Black "Adrian, Claude"]
[Result "1/2-1/2"]
[WhiteElo "2424"]
[BlackElo "2292"]
[PlyCount "56"]
[EventDate "2011.08.11"]
[EventType "swiss"]
[EventRounds "9"]
[EventCountry "ESP"]
[Source "lmi"]
[SourceDate "2010.08.11"]

1. e4 e6 2. d4 d5 3. Nc3 Bb4 4. e5 c5 5. Bd2 Ne7 6. f4 Nbc6 7. Nf3 Nf5 8. dxc5
Bxc5 9. Bd3 O-O 10. Qe2 Nfd4 11. Nxd4 Nxd4 12. Qh5 g6 13. Qh6 Nf5 14. Bxf5 exf5
15. O-O-O Be6 16. Be1 Qd7 17. Ne2 Rfc8 18. Kb1 Qa4 19. Qh3 Be3 20. Nc3 Qxf4 21.
Qg3 Qxg3 22. hxg3 d4 23. Nb5 Rc5 24. Nxd4 Rd8 25. c3 Rxe5 26. Bd2 Bxd4 27. Bg5
Rd7 28. cxd4 Ra5 1/2-1/2

[Event "Obert Figueres Miquel Mas 2010"]
[Site "Figueres ESP"]
[Date "2010.08.16"]
[Round "7.7"]
[White "Lillo Castay, Victor"]
[Black "Vehi Bach, Victor Manuel"]
[Result "1-0"]
[WhiteElo "2284"]
[BlackElo "2405"]
[PlyCount "51"]
[EventDate "2011.08.11"]
[EventType "swiss"]
[EventRounds "9"]
[EventCountry "ESP"]
[Source "lmi"]
[SourceDate "2010.08.11"]

1. e4 c5 2. Nf3 e6 3. d4 cxd4 4. Nxd4 Nf6 5. Nc3 Nc6 6. Nxc6 bxc6 7. e5 Nd5 8.
Ne4 Qc7 9. f4 Qa5+ 10. c3 Be7 11. Bd3 Qb6 12. c4 f5 13. Nf2 Ne3 14. Qf3 Qb4+
15. Bd2 Qxb2 16. Ke2 Nc2 17. Bxc2 Qxc2 18. Qb3 Qxb3 19. axb3 c5 20. Nd3 Bb7 21.
Be3 Kf7 22. Bxc5 Bxc5 23. Nxc5 Bxg2 24. Rhd1 Rhd8 25. Ra6 Ke7 26. Rg1 1-0

[Event "Obert Figueres Miquel Mas 2010"]
[Site "Figueres ESP"]
[Date "2010.08.16"]
[Round "7.8"]
[White "Vidal Zamora, Alex"]
[Black "Carlstedt, Jonathan"]
[Result "1/2-1/2"]
[WhiteElo "2150"]
[BlackElo "2379"]
[PlyCount "82"]
[EventDate "2011.08.11"]
[EventType "swiss"]
[EventRounds "9"]
[EventCountry "ESP"]
[Source "lmi"]
[SourceDate "2010.08.11"]

1. e4 Nf6 2. e5 Nd5 3. c4 Nb6 4. d4 d6 5. exd6 exd6 6. Nc3 Be7 7. Be2 O-O 8.
Nf3 Bg4 9. b3 Bf6 10. Be3 Re8 11. O-O Nc6 12. Rc1 Ne7 13. h3 Bxf3 14. Bxf3 c6
15. d5 c5 16. Bf4 Ng6 17. Bg3 Bxc3 18. Rxc3 Qf6 19. Qd2 Kf8 20. Re1 Rxe1+ 21.
Qxe1 Re8 22. Re3 Rxe3 23. Qxe3 Nd7 24. Be4 Qe7 25. Bxg6 hxg6 26. Qf4 Ne5 27.
Qe3 f6 28. Bxe5 fxe5 29. f4 exf4 30. Qxf4+ Qf6 31. Qxf6+ gxf6 32. Kf2 Kf7 33.
Kf3 g5 34. g4 Kg6 35. Ke4 a6 36. a3 a5 37. a4 f5+ 38. gxf5+ Kf6 39. Kf3 Kxf5
40. Kg3 b6 41. Kf3 Kf6 1/2-1/2

[Event "Obert Figueres Miquel Mas 2010"]
[Site "Figueres ESP"]
[Date "2010.08.16"]
[Round "7.9"]
[White "Cuadras Avellana, Jorge"]
[Black "Alberto, Manuel"]
[Result "1-0"]
[WhiteElo "2305"]
[BlackElo "2140"]
[PlyCount "91"]
[EventDate "2011.08.11"]
[EventType "swiss"]
[EventRounds "9"]
[EventCountry "ESP"]
[Source "lmi"]
[SourceDate "2010.08.11"]

1. e4 c5 2. Nf3 d6 3. d4 cxd4 4. Nxd4 Nf6 5. Nc3 a6 6. Be2 e6 7. O-O Nc6 8. f4
Be7 9. Be3 Qc7 10. Qe1 Bd7 11. Qg3 Nxd4 12. Bxd4 Bc6 13. e5 Nd7 14. Qxg7 O-O-O
15. Qxf7 Rhg8 16. Bf3 dxe5 17. fxe5 Nc5 18. Rad1 Rgf8 19. Qh5 Rf5 20. Qh3 b5
21. a3 a5 22. Bxc6 Rxf1+ 23. Rxf1 Qxc6 24. Qe3 b4 25. axb4 axb4 26. Ne2 Rg8 27.
Qf3 Ne4 28. Ng3 Rxg3 29. hxg3 Qxc2 30. Be3 Bc5 31. Bxc5 Qxc5+ 32. Kh2 Qd5 33.
Rc1+ Kb7 34. Qf7+ Kb6 35. Qc7+ Kb5 36. b3 Nc5 37. Qb8+ Nb7 38. Rc7 Ka6 39. Rxh7
Qe4 40. Qc7 Nc5 41. Rh4 Qe3 42. Qc6+ Ka5 43. Rh8 Na6 44. Qxe6 Qe4 45. Rh6 Qb7
46. Qxa6+ 1-0

[Event "Obert Figueres Miquel Mas 2010"]
[Site "Figueres ESP"]
[Date "2010.08.16"]
[Round "7.11"]
[White "Sorroche Martin, Jose Maria"]
[Black "Casanellas Ruano, Lluis"]
[Result "1/2-1/2"]
[WhiteElo "2147"]
[BlackElo "2182"]
[PlyCount "20"]
[EventDate "2011.08.11"]
[EventType "swiss"]
[EventRounds "9"]
[EventCountry "ESP"]
[Source "lmi"]
[SourceDate "2010.08.11"]

1. c4 Nf6 2. g3 e6 3. Bg2 d5 4. Nf3 Be7 5. O-O O-O 6. Qc2 c5 7. d4 cxd4 8. Nxd4
Nc6 9. Nxc6 bxc6 10. Rd1 Qb6 1/2-1/2

[Event "Obert Figueres Miquel Mas 2010"]
[Site "Figueres ESP"]
[Date "2010.08.16"]
[Round "7.12"]
[White "Lazaro Porta, Angel"]
[Black "Vilar Lopez, Monica"]
[Result "1/2-1/2"]
[WhiteElo "1974"]
[BlackElo "2166"]
[PlyCount "87"]
[EventDate "2011.08.11"]
[EventType "swiss"]
[EventRounds "9"]
[EventCountry "ESP"]
[Source "lmi"]
[SourceDate "2010.08.11"]

1. c4 e6 2. Nf3 Nf6 3. g3 d5 4. Bg2 Be7 5. b3 O-O 6. O-O c5 7. cxd5 Nxd5 8. Bb2
Bf6 9. Ne5 Nd7 10. f4 Qc7 11. Nc4 Bxb2 12. Nxb2 N7f6 13. e4 Nb4 14. Nc3 Rd8 15.
Rf3 b6 16. a3 Nc6 17. Nb5 Qe7 18. e5 Nd5 19. Nc4 f6 20. Nbd6 Ba6 21. Rd3 fxe5
22. Rxd5 Bxc4 23. bxc4 Rxd6 24. Rxd6 Qxd6 25. fxe5 Qd4+ 26. Kh1 Rc8 27. Bxc6
Rxc6 28. d3 Qxe5 29. Ra2 Qf5 30. Kg2 Rd6 31. Rd2 h6 32. Qf3 Qxf3+ 33. Kxf3 Kf7
34. Ke4 Ke7 35. Rf2 Rd8 36. a4 Rf8 37. Ra2 Kd6 38. a5 Rf1 39. axb6 axb6 40. Rb2
Re1+ 41. Kf3 Kc6 42. Kf4 Rf1+ 43. Ke4 Re1+ 44. Kf4 1/2-1/2

[Event "Obert Figueres Miquel Mas 2010"]
[Site "Figueres ESP"]
[Date "2010.08.16"]
[Round "7.13"]
[White "Vinardell Cruanas, Sergi"]
[Black "Ferreira, Kleber Victor"]
[Result "1-0"]
[WhiteElo "1955"]
[BlackElo "2107"]
[PlyCount "29"]
[EventDate "2011.08.11"]
[EventType "swiss"]
[EventRounds "9"]
[EventCountry "ESP"]
[Source "lmi"]
[SourceDate "2010.08.11"]

1. e4 e5 2. Nf3 Nc6 3. Bb5 f5 4. Qe2 Nf6 5. exf5 e4 6. d3 Qe7 7. dxe4 Qxe4 8.
Qxe4+ Nxe4 9. O-O Bc5 10. Nbd2 Nxd2 11. Re1+ Ne7 12. Bxd2 O-O 13. b4 Bd6 14.
Bc4+ Kh8 15. Ng5 1-0

[Event "Obert Figueres Miquel Mas 2010"]
[Site "Figueres ESP"]
[Date "2010.08.16"]
[Round "7.14"]
[White "Prats Rodriguez, Juan Bosco"]
[Black "Sanchez Urpi, Oriol"]
[Result "1/2-1/2"]
[WhiteElo "2106"]
[BlackElo "1911"]
[PlyCount "100"]
[EventDate "2011.08.11"]
[EventType "swiss"]
[EventRounds "9"]
[EventCountry "ESP"]
[Source "lmi"]
[SourceDate "2010.08.11"]

1. e4 c5 2. Nc3 d6 3. g3 g6 4. Bg2 Bg7 5. d3 Nc6 6. Be3 e6 7. Qd2 Nf6 8. Bh6
O-O 9. Bxg7 Kxg7 10. Nge2 d5 11. exd5 exd5 12. d4 c4 13. O-O-O Rb8 14. Nf4 Ne7
15. h4 b5 16. h5 b4 17. Ncxd5 c3 18. Nxc3 bxc3 19. Qxc3 Bf5 20. Rd2 Ned5 21.
Nxd5 Nxd5 22. Qc5 Be6 23. a3 a6 24. hxg6 hxg6 25. Bf1 Qb6 26. Qxb6 Rxb6 27. c4
Rc8 28. Kb1 Nf6 29. c5 Rbc6 30. b4 Bd5 31. Rg1 Re8 32. Bd3 Rce6 33. Kb2 Kf8 34.
a4 Rb8 35. Ka3 Ke7 36. b5 axb5 37. axb5 Kd7 38. Ra1 Ra8+ 39. Kb2 Rxa1 40. Kxa1
Kc7 41. Kb2 Re8 42. Ka3 Be6 43. Rb2 Ra8+ 44. Kb4 Nd5+ 45. Kb3 Ne3+ 46. Kb4 Nd5+
47. Kb3 Ne3+ 48. Kb4 Nd5+ 49. Kb3 Nb6+ 50. Kc2 Nd5 1/2-1/2

[Event "Obert Figueres Miquel Mas 2010"]
[Site "Figueres ESP"]
[Date "2010.08.16"]
[Round "7.15"]
[White "Parals Marce, Luis"]
[Black "Cros Figueras, Eugeni"]
[Result "1/2-1/2"]
[WhiteElo "2058"]
[BlackElo "1890"]
[PlyCount "60"]
[EventDate "2011.08.11"]
[EventType "swiss"]
[EventRounds "9"]
[EventCountry "ESP"]
[Source "lmi"]
[SourceDate "2010.08.11"]

1. Nf3 d5 2. d4 Nf6 3. c4 c6 4. e3 Bf5 5. Bd3 Bxd3 6. Qxd3 e6 7. O-O Be7 8. Nc3
O-O 9. e4 dxe4 10. Nxe4 Nxe4 11. Qxe4 Nd7 12. Be3 Nf6 13. Qc2 Qc7 14. h3 Rfd8
15. Rfd1 c5 16. dxc5 Bxc5 17. Bxc5 Qxc5 18. Qe2 h6 19. b3 Qb6 20. Rxd8+ Rxd8
21. Rd1 Rd6 22. Rxd6 Qxd6 23. Qd2 Qxd2 24. Nxd2 Kf8 25. Kf1 Ke7 26. Ke2 e5 27.
Ke3 Ke6 28. b4 Nd7 29. a4 f5 30. a5 Nf6 1/2-1/2

[Event "Obert Figueres Miquel Mas 2010"]
[Site "Figueres ESP"]
[Date "2010.08.16"]
[Round "7.17"]
[White "Ruiz Font, Elisabet"]
[Black "Colls Bosch, Emili"]
[Result "0-1"]
[WhiteElo "1899"]
[BlackElo "2010"]
[PlyCount "66"]
[EventDate "2011.08.11"]
[EventType "swiss"]
[EventRounds "9"]
[EventCountry "ESP"]
[Source "lmi"]
[SourceDate "2010.08.11"]

1. e4 Nf6 2. e5 Nd5 3. d4 d6 4. c4 Nb6 5. f4 dxe5 6. fxe5 Nc6 7. Be3 Bf5 8. Nc3
e6 9. Nf3 Qd7 10. Be2 O-O-O 11. Qd2 Be7 12. O-O f6 13. Rad1 Bg4 14. exf6 Bxf6
15. Ne4 Be7 16. Nfg5 Bb4 17. Nc3 Bf5 18. a3 Bxc3 19. Qxc3 h6 20. Nf3 g5 21. Bd3
Bxd3 22. Qxd3 Rhf8 23. b4 g4 24. Ne1 Rxf1+ 25. Kxf1 Ne5 26. Qc3 Nexc4 27. Bxh6
e5 28. Kg1 exd4 29. Qg3 Nb2 30. Rd2 N6c4 31. Rf2 d3 32. Bd2 Nd1 33. Bg5 Nxf2
0-1

[Event "Obert Figueres Miquel Mas 2010"]
[Site "Figueres ESP"]
[Date "2010.08.16"]
[Round "7.18"]
[White "Falgueras Marti, Carles"]
[Black "Diaz Comas, Jordi"]
[Result "1/2-1/2"]
[WhiteElo "2038"]
[BlackElo "1918"]
[PlyCount "57"]
[EventDate "2011.08.11"]
[EventType "swiss"]
[EventRounds "9"]
[EventCountry "ESP"]
[Source "lmi"]
[SourceDate "2010.08.11"]

1. e4 Nf6 2. e5 Nd5 3. Nc3 Nxc3 4. bxc3 d6 5. f4 g6 6. Nf3 Bg7 7. d4 O-O 8. Be2
c5 9. dxc5 dxe5 10. Qxd8 Rxd8 11. Nxe5 Nc6 12. Nxc6 Bxc3+ 13. Kf2 bxc6 14. Rb1
Be6 15. a3 Rab8 16. Be3 Bd5 17. Bf3 e6 18. Bxd5 exd5 19. Ke2 Re8 20. Kd3 Bf6
21. Rb3 Rxb3+ 22. cxb3 a6 23. Rb1 Re4 24. b4 Kf8 25. a4 Rc4 26. b5 axb5 27.
axb5 cxb5 28. Rxb5 Kg7 29. Bd2 1/2-1/2

[Event "Obert Figueres Miquel Mas 2010"]
[Site "Figueres ESP"]
[Date "2010.08.16"]
[Round "7.20"]
[White "Asensio Graells, Ricard"]
[Black "Gonzalez Manchon, Juan Miguel"]
[Result "0-1"]
[WhiteElo "1489"]
[BlackElo "2110"]
[PlyCount "56"]
[EventDate "2011.08.11"]
[EventType "swiss"]
[EventRounds "9"]
[EventCountry "ESP"]
[Source "lmi"]
[SourceDate "2010.08.11"]

1. Nf3 d5 2. d3 Nf6 3. Nbd2 g6 4. e4 Bg7 5. g3 O-O 6. Bg2 Nbd7 7. O-O c6 8. Re1
a5 9. e5 Ng4 10. d4 e6 11. h3 Nh6 12. Nf1 f5 13. Bf4 Nf7 14. Qd2 h6 15. h4 Kh7
16. N1h2 c5 17. c3 cxd4 18. cxd4 Rg8 19. Bh3 Bf8 20. a3 Nb6 21. Kh1 Nc4 22. Qc1
a4 23. Rg1 Ra6 24. Bf1 b5 25. Bxc4 dxc4 26. g4 Bb7 27. Rg3 Qxh4 28. Qg1 fxg4
0-1

[Event "Obert Figueres Miquel Mas 2010"]
[Site "Figueres ESP"]
[Date "2010.08.16"]
[Round "7.21"]
[White "Diaz Munoz, Sergi"]
[Black "Perez Lopez, Alfonso"]
[Result "1-0"]
[WhiteElo "2005"]
[BlackElo "1905"]
[PlyCount "99"]
[EventDate "2011.08.11"]
[EventType "swiss"]
[EventRounds "9"]
[EventCountry "ESP"]
[Source "lmi"]
[SourceDate "2010.08.11"]

1. e4 c6 2. d4 d5 3. exd5 cxd5 4. c4 Nf6 5. Nc3 Nc6 6. c5 g6 7. Bf4 a6 8. h3
Bg7 9. Nf3 O-O 10. a3 e6 11. Be2 Re8 12. O-O Nh5 13. Bh2 Bh6 14. Na4 Bf4 15.
Nb6 Rb8 16. Re1 Qc7 17. g3 Nxg3 18. fxg3 Bxg3 19. Kg2 Bxh2 20. Nxh2 Qf4 21. Rf1
Qxd4 22. Qxd4 Nxd4 23. Bd1 Nf5 24. Re1 h5 25. Nxd5 Kg7 26. Nb6 Rd8 27. Nf3 Bd7
28. Nxd7 Rxd7 29. Ba4 Rd5 30. b4 Rd3 31. Kf2 Kf6 32. Red1 Rbd8 33. Bc2 R3d7 34.
Rxd7 Rxd7 35. Rd1 Re7 36. Ba4 g5 37. Rd7 g4 38. hxg4 hxg4 39. Nd2 Ke5 40. Nc4+
Kf4 41. Rxe7 Nxe7 42. Nd6 f5 43. Nxb7 Nd5 44. c6 g3+ 45. Kg2 Kg4 46. Bd1+ Kh4
47. Nc5 Nc7 48. Nxa6 Nxa6 49. b5 Nc5 50. c7 1-0

[Event "Obert Figueres Miquel Mas 2010"]
[Site "Figueres ESP"]
[Date "2010.08.16"]
[Round "7.22"]
[White "Alonso Jimenez, Joan"]
[Black "Buch Prades, Joan"]
[Result "0-1"]
[WhiteElo "1992"]
[BlackElo "1877"]
[PlyCount "112"]
[EventDate "2011.08.11"]
[EventType "swiss"]
[EventRounds "9"]
[EventCountry "ESP"]
[Source "lmi"]
[SourceDate "2010.08.11"]

1. Nf3 d5 2. d4 Nf6 3. Nbd2 e6 4. e3 Bd6 5. Bd3 Nbd7 6. Qe2 c5 7. c3 O-O 8. O-O
e5 9. dxe5 Nxe5 10. Nxe5 Bxe5 11. h3 Re8 12. Qf3 Bd7 13. Re1 Bc6 14. e4 Bc7 15.
g3 Re6 16. c4 dxe4 17. Nxe4 Nxe4 18. Rxe4 Bxe4 19. Bxe4 Qd4 20. Bd5 Rf6 21. Be3
Qxb2 22. Qd1 Qa3 23. Rb1 Re8 24. Rb3 Qa4 25. Bxc5 Qa5 26. Bb4 Qxa2 27. Bf3 a5
28. Bc5 b6 29. Bd4 Rd6 30. Bd5 Qe2 31. Qxe2 Rxe2 32. Kf1 Re7 33. f4 Red7 34.
Re3 Rd8 35. Bb2 b5 36. Be5 R6d7 37. Bxc7 Rxc7 38. cxb5 Rc1+ 39. Kf2 h6 40. Bc6
Rd2+ 41. Kf3 Rf1+ 42. Kg4 Rc1 43. Ra3 g6 44. f5 Rd4+ 45. Kf3 a4 46. fxg6 fxg6
47. Be8 g5 48. Bc6 Rb4 49. Rd3 Rbc4 50. Rd8+ Kg7 51. Rd7+ Kf8 52. Rd8+ Ke7 53.
Rd7+ Ke6 54. Ra7 R4c3+ 55. Ke2 a3 56. Kd2 Rxg3 0-1

[Event "Obert Figueres Miquel Mas 2010"]
[Site "Figueres ESP"]
[Date "2010.08.16"]
[Round "7.23"]
[White "Balague Camps, Marc"]
[Black "Sanchez Cobo, Javier"]
[Result "1-0"]
[WhiteElo "1964"]
[BlackElo "1832"]
[PlyCount "65"]
[EventDate "2011.08.11"]
[EventType "swiss"]
[EventRounds "9"]
[EventCountry "ESP"]
[Source "lmi"]
[SourceDate "2010.08.11"]

1. c4 c5 2. Nf3 Nc6 3. Nc3 g6 4. e3 Bg7 5. d4 cxd4 6. exd4 d6 7. h3 Bf5 8. Be3
Nf6 9. Be2 O-O 10. O-O a6 11. d5 Nb8 12. Nd4 Bd7 13. Rc1 a5 14. a3 Na6 15. Bf3
Rc8 16. Na2 Nc5 17. b4 Ba4 18. Qe2 axb4 19. axb4 Nb3 20. Rb1 Nxd4 21. Bxd4 b5
22. Nc3 e5 23. dxe6 Re8 24. exf7+ Kxf7 25. Qd2 Rxc4 26. Bxf6 Kxf6 27. Nxa4 bxa4
28. Bd5 Rh4 29. Qc3+ Re5 30. f4 Ke7 31. fxe5 Bxe5 32. Rf7+ Ke8 33. Qc6+ 1-0

[Event "Obert Figueres Miquel Mas 2010"]
[Site "Figueres ESP"]
[Date "2010.08.16"]
[Round "7.24"]
[White "Sola, Flavien"]
[Black "Altimira Roses, Jordi"]
[Result "1-0"]
[WhiteElo "1954"]
[BlackElo "1828"]
[PlyCount "67"]
[EventDate "2011.08.11"]
[EventType "swiss"]
[EventRounds "9"]
[EventCountry "ESP"]
[Source "lmi"]
[SourceDate "2010.08.11"]

1. e4 c5 2. Nc3 Nc6 3. g3 g6 4. Bg2 Bg7 5. d3 d6 6. Be3 e6 7. Qd2 Nd4 8. Nd1
Rb8 9. c3 Nc6 10. Ne2 h5 11. h3 Nf6 12. d4 cxd4 13. Nxd4 Nxd4 14. cxd4 b6 15.
O-O Bb7 16. Nc3 b5 17. b4 a6 18. a4 O-O 19. axb5 axb5 20. Ra5 Ba8 21. Rfa1 Qd7
22. f4 Rfc8 23. Rc1 Rc4 24. Rca1 Bc6 25. Ra7 Qd8 26. Rf1 Rxb4 27. e5 dxe5 28.
fxe5 Nd5 29. Bg5 Qf8 30. Nxd5 Bxd5 31. Be7 Bh6 32. Qxb4 Be3+ 33. Kh2 Qc8 34.
Qc5 1-0

[Event "Obert Figueres Miquel Mas 2010"]
[Site "Figueres ESP"]
[Date "2010.08.16"]
[Round "7.25"]
[White "Saez Coma, Alejandro"]
[Black "Gallego Terris, Rafael"]
[Result "0-1"]
[WhiteElo "1477"]
[BlackElo "1951"]
[PlyCount "36"]
[EventDate "2011.08.11"]
[EventType "swiss"]
[EventRounds "9"]
[EventCountry "ESP"]
[Source "lmi"]
[SourceDate "2010.08.11"]

1. e4 d5 2. exd5 Qxd5 3. Nc3 Qa5 4. Nf3 Nf6 5. h3 Bf5 6. Bc4 e6 7. O-O Nbd7 8.
Nh4 O-O-O 9. Nxf5 Qxf5 10. a4 Bc5 11. d3 Ne5 12. Bb3 g5 13. Be3 Bd6 14. g4 Nf3+
15. Kg2 Nh4+ 16. Kg1 Qe5 17. f4 Qxe3+ 18. Kh1 Qxh3+ 0-1

[Event "Obert Figueres Miquel Mas 2010"]
[Site "Figueres ESP"]
[Date "2010.08.16"]
[Round "7.26"]
[White "Mayer, Christian"]
[Black "Garcia, Richard"]
[Result "0-1"]
[WhiteElo "1877"]
[BlackElo "1761"]
[PlyCount "52"]
[EventDate "2011.08.11"]
[EventType "swiss"]
[EventRounds "9"]
[EventCountry "ESP"]
[Source "lmi"]
[SourceDate "2010.08.11"]

1. c4 Nf6 2. Nc3 d5 3. cxd5 Nxd5 4. Nf3 Nc6 5. e4 Nb6 6. d4 e6 7. Be2 Be7 8.
O-O O-O 9. Bf4 a6 10. Rc1 f5 11. Qd2 fxe4 12. Nxe4 Nd5 13. Bg3 Bd7 14. a3 Qe8
15. Ne5 Nxe5 16. Bxe5 Bc6 17. Nc5 Bd6 18. Bg4 Bxc5 19. dxc5 Qg6 20. f3 Rad8 21.
Qe2 Bb5 22. Qe1 Bxf1 23. Qxf1 Ne3 24. Qe2 Nxg4 25. fxg4 Qg5 26. Rc2 Qxe5 0-1

[Event "Obert Figueres Miquel Mas 2010"]
[Site "Figueres ESP"]
[Date "2010.08.16"]
[Round "7.27"]
[White "Colls Gelaberto, Emili"]
[Black "Vilanova Olmedo, Ignaci"]
[Result "1-0"]
[WhiteElo "2247"]
[BlackElo "1687"]
[PlyCount "51"]
[EventDate "2011.08.11"]
[EventType "swiss"]
[EventRounds "9"]
[EventCountry "ESP"]
[Source "lmi"]
[SourceDate "2010.08.11"]

1. d4 Nf6 2. g3 e6 3. Bg2 d5 4. Nf3 Be7 5. O-O O-O 6. c4 c6 7. Nc3 b6 8. b3 Bb7
9. Qc2 Nbd7 10. Rd1 Rc8 11. e4 Nxe4 12. Nxe4 dxe4 13. Qxe4 h6 14. Bf4 Bf6 15.
Rac1 Qe7 16. c5 Rfd8 17. b4 bxc5 18. dxc5 e5 19. Be3 Nb8 20. Nd2 Qe6 21. Bf3
Nd7 22. Bg4 Qe8 23. Nc4 Qe7 24. Nd6 Rb8 25. Nxb7 Rxb7 26. Qxc6 1-0